000 00665nam a2200253Ia 4500
003 OSt
005 20221006144048.0
006 a|||||r|||| 00| 0
007 ta
008 221006b |||||||| |||| 00| 0 eng d
020 _cP4.25
024 _a10,770
037 _cTextual
040 _aEASL
_cEASL
_beng
041 _2eng
_aeng
082 _aW691:(Y:6).1, L0
100 _aJOHNSON Chalmers Ed.
245 0 _aChange in communist systems
260 _aStanford
_bStanford University Press
_c1970
300 _a368p.
_ccm.
490 _v Oth
942 _hW691:(Y:6).1, L0
_cTEXL
_2CC
999 _c1078856
_d1078856